[Event "ch-FRA w 2015"]
[Site "Saint-Quentin FRA"]
[Date "2015.08.09"]
[Round "1"]
[White "Skripchenko,A"]
[Black "Choisy,M"]
[Result "1-0"]
[WhiteElo "2435"]
[BlackElo "2170"]
[EventDate "2015.08.09"]

1. e4 c5 2. Nc3 d6 3. f4 Nc6 4. Nf3 g6 5. Bb5 Bg7 6. Bxc6+ bxc6 7. d3 Nf6
8. O-O O-O 9. Qe1 Bg4 10. Kh1 Ne8 11. Bd2 Nc7 12. Nd1 Rb8 13. Bc3 Bxc3 14.
Qxc3 Nb5 15. Qd2 Nd4 16. Nxd4 cxd4 17. Nf2 Bd7 18. b3 e6 19. e5 dxe5 20.
fxe5 Rb5 21. Ng4 f5 22. exf6 e5 23. a4 Rc5 24. b4 Rd5 25. f7+ Kh8 26. Nf6
Rd6 27. Qh6 Rxf7 28. Nxh7 1-0

[Event "ch-FRA w 2015"]
[Site "Saint-Quentin FRA"]
[Date "2015.08.09"]
[Round "1"]
[White "Flear,C"]
[Black "Milliet,S"]
[Result "0-1"]
[WhiteElo "2172"]
[BlackElo "2383"]
[EventDate "2015.08.09"]

1. d4 Nf6 2. c4 e6 3. Nf3 d5 4. g3 dxc4 5. Qa4+ Nbd7 6. Bg2 a6 7. Qxc4 b5
8. Qc2 Bb7 9. Bf4 c5 10. dxc5 Bxc5 11. O-O Rc8 12. Qd3 Qb6 13. Nc3 O-O 14.
Ng5 Bxg2 15. Kxg2 b4 16. Nce4 h6 17. Nf3 Nxe4 18. Qxe4 Nf6 19. Qd3 Rfd8 20.
Qb3 Ne4 21. e3 Qb7 22. Kg1 g5 23. Be5 g4 24. Nh4 Nd2 25. Qa4 Be7 26. Rfd1
Bxh4 27. Rxd2 Rxd2 28. gxh4 Qf3 29. Rf1 Rxf2 0-1

[Event "ch-FRA w 2015"]
[Site "Saint-Quentin FRA"]
[Date "2015.08.09"]
[Round "1"]
[White "Benmesbah,N"]
[Black "Collas,S"]
[Result "1-0"]
[WhiteElo "2200"]
[BlackElo "2325"]
[EventDate "2015.08.09"]

1. e4 c5 2. Nf3 e6 3. g3 Nc6 4. Bg2 Qc7 5. O-O Nf6 6. Qe2 e5 7. c3 d6 8. h3
Be7 9. Rd1 O-O 10. d4 cxd4 11. cxd4 exd4 12. Na3 Qb6 13. Nc2 Re8 14. Nfxd4
d5 15. exd5 Bc5 16. Qd2 Ne5 17. Kh1 Bd7 18. b3 Qa6 19. Bb2 Bxh3 20. Bxh3
Ne4 21. Qf4 Nd3 22. Rxd3 Qxd3 23. Bf1 g5 24. Qxg5+ Nxg5 25. Bxd3 Rad8 26.
Ne3 Ne4 27. Kg2 Nf6 28. Bc4 Nd7 29. Ndf5 a6 30. Ng4 Bf8 31. Nf6+ Nxf6 32.
Bxf6 Rd7 33. a4 Rb8 34. a5 b5 35. axb6 Rxb6 36. Bd4 Rg6 37. Re1 Rg5 38. Nh4
Be7 39. Nf3 Rh5 40. Ne5 1-0

[Event "ch-FRA w 2015"]
[Site "Saint-Quentin FRA"]
[Date "2015.08.09"]
[Round "1"]
[White "Safranska,A"]
[Black "Maisuradze,N"]
[Result "1/2-1/2"]
[WhiteElo "2153"]
[BlackElo "2292"]
[EventDate "2015.08.09"]

1. e4 c5 2. d3 Nc6 3. f4 d5 4. Be2 g6 5. Nf3 Bg7 6. O-O Nf6 7. e5 Ng4 8. c3
Nh6 9. Na3 O-O 10. Nc2 f6 11. exf6 exf6 12. Be3 Qe7 13. h3 Re8 14. Re1 Bd7
15. Bf2 Qd6 16. Qd2 b6 17. Bf1 Nf5 18. d4 Bh6 19. g3 c4 20. Bg2 b5 21. a3
a5 22. Rxe8+ Rxe8 23. Re1 Rb8 24. Qe2 Nfe7 25. Ne3 b4 26. axb4 axb4 27. Ra1
Re8 28. Qd1 b3 29. Nh2 Be6 30. Nhg4 Bg7 31. Ra6 Qd7 32. h4 h5 33. Nh2 Nf5
34. Nhf1 Nce7 35. Qa1 Rc8 36. Ra7 Rc7 37. Rxc7 Qxc7 38. Qa8+ Kh7 39. Nxd5
Bxd5 40. Bxd5 Nxd5 41. Qxd5 Qa7 42. Qxc4 Qa2 43. Qe2 Bf8 44. Ne3 Nxe3 45.
Bxe3 Qa1+ 46. Kf2 Ba3 47. bxa3 b2 48. Bc1 bxc1=Q 49. Qe7+ Kg8 50. Qe8+ Kg7
51. Qe7+ Kg8 52. Qe8+ Kg7 1/2-1/2

[Event "ch-FRA w 2015"]
[Site "Saint-Quentin FRA"]
[Date "2015.08.09"]
[Round "1"]
[White "Navrotescu,A"]
[Black "Soubirou,O"]
[Result "1-0"]
[WhiteElo "2275"]
[BlackElo "2092"]
[EventDate "2015.08.09"]

1. d4 e6 2. Nf3 f5 3. g3 Nf6 4. Bg2 Be7 5. O-O O-O 6. c4 d6 7. Nc3 Ne4 8.
Nxe4 fxe4 9. Ne1 d5 10. f3 dxc4 11. fxe4 e5 12. Rxf8+ Bxf8 13. d5 Bc5+ 14.
Kh1 b5 15. Nf3 Qd6 16. a4 b4 17. Nh4 g6 18. Qc2 Ba6 19. Bh3 Nd7 20. Be6+
Kh8 21. Bg5 Rf8 22. Qc1 Rf2 23. Be3 Rf6 24. Bxd7 Bxe3 25. Qxe3 Qxd7 26. Nf3
Qd6 27. Qxa7 c3 28. Qe3 cxb2 29. Rb1 Qd7 30. Rxb2 Qxa4 31. Kg2 Qd1 32. Qg5
Kg7 33. Rd2 Qc1 34. Qxe5 Bc8 35. Qe7+ Rf7 36. Qe5+ Rf6 37. Rb2 h5 38. Qd4
g5 39. Qd2 Bh3+ 40. Kf2 Qc5+ 41. Qe3 Qc3 42. Qxg5+ Kf8 43. Ra2 Bc8 44. Ra8
Rxf3+ 1-0

[Event "ch-FRA w 2015"]
[Site "Saint-Quentin FRA"]
[Date "2015.08.09"]
[Round "1"]
[White "Leconte,M"]
[Black "Aflalo,S"]
[Result "1-0"]
[WhiteElo "2251"]
[BlackElo "2117"]
[EventDate "2015.08.09"]

1. d4 Nf6 2. Nf3 c5 3. d5 d6 4. Nc3 g6 5. e4 Bg7 6. Be2 O-O 7. O-O Na6 8.
Nd2 Rb8 9. Re1 e6 10. Nf1 Nc7 11. a4 b6 12. Bf4 exd5 13. exd5 a6 14. Bf3 b5
15. axb5 axb5 16. Ne3 Bb7 17. Qd2 Nfe8 18. g4 Ra8 19. Ne4 Rxa1 20. Rxa1
Bxb2 21. Ra7 Qb8 22. Ra2 Bd4 23. Nxd6 Nxd6 24. Bxd6 Rd8 25. Bg3 Qc8 26. Ra7
Ne8 27. c3 Bg7 28. Qe2 c4 29. d6 Bxf3 30. Qxf3 Qe6 31. Nd5 Bf8 32. Ne7+ Kg7
33. Nc6 Rxd6 34. Bxd6 Nxd6 35. Kg2 Qe4 36. Rxf7+ 1-0

[Event "ch-FRA w 2015"]
[Site "Saint-Quentin FRA"]
[Date "2015.08.10"]
[Round "2"]
[White "Maisuradze,N"]
[Black "Benmesbah,N"]
[Result "1-0"]
[WhiteElo "2292"]
[BlackElo "2200"]
[EventDate "2015.08.09"]

1. d4 Nf6 2. c4 c5 3. d5 e6 4. Nc3 exd5 5. cxd5 d6 6. e4 g6 7. f4 Bg7 8.
Bb5+ Nfd7 9. Nf3 O-O 10. O-O a6 11. Bd3 b5 12. Kh1 Nb6 13. f5 N8d7 14. Bg5
f6 15. Bf4 Ne5 16. Nxe5 dxe5 17. Be3 c4 18. Be2 Bb7 19. a4 b4 20. a5 Nc8
21. Na4 gxf5 22. Nc5 Qe7 23. exf5 Nd6 24. Ne6 Rfc8 25. Bc5 Rxc5 26. Nxc5
Nxf5 27. Nxb7 Ne3 28. Qa4 Qxb7 29. Rf3 Bh6 30. Qc6 Qxc6 31. dxc6 Kg7 32.
Ra4 c3 33. bxc3 bxc3 34. Rxe3 Bxe3 35. Rc4 Rb8 36. g3 Rb1+ 37. Kg2 Rb2 38.
Kf3 c2 39. Kxe3 Rb3+ 40. Ke4 1-0

[Event "ch-FRA w 2015"]
[Site "Saint-Quentin FRA"]
[Date "2015.08.10"]
[Round "2"]
[White "Skripchenko,A"]
[Black "Flear,C"]
[Result "1-0"]
[WhiteElo "2435"]
[BlackElo "2172"]
[EventDate "2015.08.09"]

1. e4 c6 2. c4 d5 3. exd5 cxd5 4. cxd5 Nf6 5. Nc3 Nxd5 6. Nf3 Nc6 7. Bb5 e6
8. O-O Be7 9. d4 O-O 10. Re1 Bd7 11. a3 Rc8 12. Bd3 h6 13. Bc2 Na5 14. Qd3
f5 15. Nxd5 exd5 16. Ne5 Be8 17. Bd1 Nc4 18. Bf3 Bg5 19. b3 Nb6 20. a4 Bxc1
21. Raxc1 Bc6 22. g3 Nd7 23. Nxc6 bxc6 24. Rxc6 Qa5 25. Rec1 Rxc6 26. Rxc6
Nf6 27. Qc3 Qd8 28. Qc5 Re8 29. Qxa7 Re1+ 30. Kg2 Ne4 31. Qc7 Qxc7 32. Rxc7
Rb1 1-0

[Event "ch-FRA w 2015"]
[Site "Saint-Quentin FRA"]
[Date "2015.08.10"]
[Round "2"]
[White "Milliet,S"]
[Black "Leconte,M"]
[Result "1/2-1/2"]
[WhiteElo "2383"]
[BlackElo "2251"]
[EventDate "2015.08.09"]

1. e4 e6 2. d4 d5 3. Nc3 Bb4 4. Nge2 Nc6 5. a3 Ba5 6. b4 Bb6 7. Bb2 Nge7 8.
Na4 a6 9. Nxb6 cxb6 10. Ng3 Ng6 11. Be2 O-O 12. O-O dxe4 13. Nxe4 Qh4 14.
Ng3 Rd8 15. c3 e5 16. d5 b5 17. a4 Be6 18. axb5 Bxd5 19. bxc6 Bxg2 20. cxb7
Bxb7 21. Qc2 Nf4 22. f3 Rd6 23. b5 Rg6 24. Bd1 Rd8 25. Rf2 Rxg3+ 26. hxg3
Qxg3+ 27. Kf1 Qh3+ 28. Kg1 Qg3+ 29. Kf1 Qh3+ 30. Kg1 1/2-1/2

[Event "ch-FRA w 2015"]
[Site "Saint-Quentin FRA"]
[Date "2015.08.10"]
[Round "2"]
[White "Aflalo,S"]
[Black "Navrotescu,A"]
[Result "1-0"]
[WhiteElo "2117"]
[BlackElo "2275"]
[EventDate "2015.08.09"]

1. e4 c5 2. Nf3 e6 3. d4 cxd4 4. Nxd4 a6 5. Nc3 b5 6. g3 Bb7 7. Bg2 Nf6 8.
Qe2 Qb6 9. Nb3 Qc7 10. O-O b4 11. Bf4 d6 12. Nd1 e5 13. Bg5 a5 14. Bxf6 Ba6
15. Qf3 Bxf1 16. Bxf1 gxf6 17. Bb5+ Nd7 18. Ne3 Be7 19. Nd5 Qd8 20. a4 Rb8
21. Qf5 Rb7 22. Ne3 Kf8 23. Nc4 Nc5 24. Nbxa5 Rc7 25. Nc6 Qa8 26. Nxb4 Qxe4
27. Qxe4 Nxe4 28. Nd5 Ra7 29. Nce3 Bd8 30. Kg2 Rg8 31. h4 Kg7 32. b4 Kh8
33. Nf5 Bc7 34. Bd3 Nd2 35. f3 e4 36. fxe4 Re8 37. Rd1 Nxe4 38. Re1 Re5 39.
Rxe4 Bd8 40. Rg4 h5 41. Rd4 Rxa4 42. Nxd6 Kg8 43. Ne4 Kg7 44. c4 Ra2+ 45.
Kf3 f5 46. Nd6 Re1 47. Nxf5+ Kf8 48. c5 Rh1 49. Nb6 Bc7 50. Nd7+ Ke8 51.
Nf6+ Kf8 52. Rd7 Rd2 53. Rxc7 Rxd3+ 54. Ke4 Rd8 55. b5 Re1+ 56. Kf4 Re6 57.
Nh7+ Kg8 58. Ng5 Re1 59. Rxf7 Rf1+ 60. Ke5 1-0

[Event "ch-FRA w 2015"]
[Site "Saint-Quentin FRA"]
[Date "2015.08.10"]
[Round "2"]
[White "Soubirou,O"]
[Black "Safranska,A"]
[Result "1/2-1/2"]
[WhiteElo "2092"]
[BlackElo "2153"]
[EventDate "2015.08.09"]

1. d4 d6 2. e4 Nf6 3. Bd3 e5 4. d5 Be7 5. h3 O-O 6. Be3 h6 7. c4 Nh7 8. Nc3
Bg5 9. Qd2 c5 10. Nge2 a6 11. a3 Nd7 12. b4 b6 13. Ng3 g6 14. Rb1 h5 15.
Bxg5 Nxg5 16. h4 Nh7 17. Be2 Kg7 18. Nd1 Ndf6 19. Ne3 Kh8 20. Qb2 Bd7 21.
Kd2 Rb8 22. Qc2 Qc7 23. b5 Ra8 24. a4 a5 25. Rb3 Rae8 26. Kc1 Qd8 27. Qd2
Ng8 28. Nef1 Qf6 29. Rf3 Qg7 30. Ra3 Ne7 31. Bd3 Nf6 32. Bc2 Ng4 33. f3 Nh6
34. Rb3 f5 35. exf5 Nexf5 36. Ne4 Qe7 37. Qg5 Kg7 38. Ra3 Nf7 39. Qxe7 Rxe7
40. Ne3 Nd4 41. Bd1 Bf5 42. Ng3 Kh6 43. Bc2 Nh8 44. Be4 Rd7 45. Nd1 Rf6 46.
Nf2 Rf8 47. Kd2 Rg7 48. Rh2 Nf7 49. Rc3 Rh7 50. Ra3 Kg7 51. Rc3 Kf6 52. Ra3
Rg8 53. Rc3 Ke7 54. Ra3 Rf8 55. Rc3 Nh6 56. Ra3 Ng8 57. Rc3 Nf6 58. Re3
Rhh8 59. Rh1 Kd7 60. Rh2 Bxe4 61. Ngxe4 Nxe4+ 62. Nxe4 Rf4 63. Ng5 Nf5 64.
Re4 Ng3 65. Rxf4 exf4 66. Kd3 Re8 67. Ne4 Nf5 68. Rh1 Re5 69. Nf6+ Ke7 70.
Ne4 Kd7 71. Nf6+ 1/2-1/2

[Event "ch-FRA w 2015"]
[Site "Saint-Quentin FRA"]
[Date "2015.08.10"]
[Round "2"]
[White "Choisy,M"]
[Black "Collas,S"]
[Result "1/2-1/2"]
[WhiteElo "2170"]
[BlackElo "2325"]
[EventDate "2015.08.09"]

1. e4 c5 2. Nf3 e6 3. d4 cxd4 4. Nxd4 Nc6 5. Nc3 Qc7 6. Be2 a6 7. O-O Nf6
8. Be3 Bb4 9. Na4 Be7 10. Nxc6 bxc6 11. Nb6 Rb8 12. Nxc8 Qxc8 13. Bd4 c5
14. Be5 Rb6 15. b3 O-O 16. Bd3 d6 17. Bc3 c4 18. bxc4 Nd7 19. f4 Bf6 20.
Bxf6 Nxf6 21. Qe2 Qc5+ 22. Kh1 e5 23. f5 Rfb8 24. g4 h6 25. h4 Nh7 26. Qd2
f6 27. Kg2 Rb2 28. Qf2 Kf8 29. Rfd1 Ke7 30. Qxc5 dxc5 31. Kf3 R8b4 32. Ke3
Nf8 33. c3 Rb6 34. Rd2 Nd7 35. Bc2 Rd6 36. Rxd6 Kxd6 37. Kd3 Kc7 38. a3 Nb6
39. Rb1 Ra2 40. Rb3 Kc6 41. Rb1 Rxa3 42. g5 hxg5 43. hxg5 Ra2 44. Rh1 fxg5
45. Rg1 a5 46. Rxg5 a4 47. Rg6+ Kc7 48. Rxg7+ Kd6 49. Rg6+ Kc7 50. Rg7+ Kd6
51. Rg6+ Kc7 52. Rg7+ 1/2-1/2

[Event "ch-FRA w 2015"]
[Site "Saint-Quentin FRA"]
[Date "2015.08.11"]
[Round "3"]
[White "Navrotescu,A"]
[Black "Milliet,S"]
[Result "1-0"]
[WhiteElo "2275"]
[BlackElo "2383"]
[EventDate "2015.08.09"]

1. c4 e5 2. g3 Nc6 3. Bg2 Bc5 4. Nc3 d6 5. e3 a6 6. Nge2 Ba7 7. b3 h5 8. h3
h4 9. g4 f5 10. Qc2 Nh6 11. Bb2 O-O 12. g5 Qxg5 13. Rg1 Qd8 14. O-O-O Ne7
15. d4 e4 16. Nf4 b5 17. d5 bxc4 18. Bh1 cxb3 19. Nxe4 Ng4 20. Qc3 Ne5 21.
Ng5 Rf6 22. Nge6 Bxe6 23. Nxe6 Rxe6 24. dxe6 Rb8 25. f4 Rb5 26. Kb1 bxa2+
27. Ka1 Rc5 28. Qa3 N5g6 29. Bd4 Qe8 30. Bxc5 Bxc5 31. Qc3 Qa4 32. Bf3 Bb4
33. Qb2 Qa5 34. Rd3 c5 35. Bh5 Kh7 36. Bxg6+ Nxg6 37. e7 Qb5 38. Rxd6 c4
39. Rdxg6 c3 40. Rxg7+ Kh8 41. Qxb4 1-0

[Event "ch-FRA w 2015"]
[Site "Saint-Quentin FRA"]
[Date "2015.08.11"]
[Round "3"]
[White "Leconte,M"]
[Black "Skripchenko,A"]
[Result "1/2-1/2"]
[WhiteElo "2251"]
[BlackElo "2435"]
[EventDate "2015.08.09"]

1. e4 c5 2. Nf3 Nc6 3. d4 cxd4 4. Nxd4 Nf6 5. Nc3 e5 6. Ndb5 d6 7. Bg5 a6
8. Na3 b5 9. Nd5 Be7 10. Bxf6 Bxf6 11. c3 Bg5 12. Nc2 O-O 13. a4 bxa4 14.
Rxa4 Bb7 15. h4 Bh6 16. Nce3 Bxe3 17. Nxe3 Ne7 18. Nd5 a5 19. Bc4 Kh8 20.
Nxe7 Qxe7 21. Bd5 Bxd5 22. Qxd5 Rab8 23. Rxa5 Rxb2 24. O-O h6 25. g3 Rc8
26. Ra8 Rxa8 27. Qxa8+ Kh7 28. Qd5 Qc7 29. Rd1 Rb6 30. Rd3 Rc6 31. Kg2 Kg8
32. Kh2 h5 33. Kg2 g6 34. Rd2 Kg7 35. Rd3 Ra6 36. Rf3 Qa7 37. Kh2 Qc7 38.
Kg2 Rb6 39. Rd3 Rc6 40. Kh2 Ra6 41. Kg2 Rc6 1/2-1/2

[Event "ch-FRA w 2015"]
[Site "Saint-Quentin FRA"]
[Date "2015.08.11"]
[Round "3"]
[White "Collas,S"]
[Black "Maisuradze,N"]
[Result "1/2-1/2"]
[WhiteElo "2325"]
[BlackElo "2292"]
[EventDate "2015.08.09"]

1. c4 g6 2. g3 Bg7 3. Bg2 c5 4. Nf3 Nc6 5. Nc3 d6 6. O-O Bf5 7. d3 Qd7 8.
Nd5 Nf6 9. Rb1 O-O 10. a3 Bh3 11. b4 Bxg2 12. Kxg2 Nxd5 13. cxd5 Nd4 14.
Nxd4 Bxd4 15. Qb3 Rfb8 16. Bd2 b6 17. Rfc1 Rc8 18. a4 Rab8 19. b5 Ra8 20.
e3 Bf6 21. Bc3 Bxc3 22. Rxc3 a6 23. Rc4 axb5 24. Qxb5 Qxb5 25. Rxb5 Ra6 26.
Kf3 Rca8 27. a5 bxa5 28. Ra4 h5 29. e4 Kg7 30. Ke3 g5 31. f4 Kg6 32. h3 h4
33. g4 f6 34. f5+ Kf7 35. Kd2 Ke8 36. Kc3 Kd8 37. d4 cxd4+ 38. Kxd4 R6a7
39. Kd3 Kc8 40. Rc4+ Rc7 41. Ra4 Rb7 42. Kc4 Rxb5 43. Kxb5 Rb8+ 44. Kc4 Rb1
45. Rxa5 Rg1 46. Ra8+ Kd7 47. Ra7+ Ke8 48. Ra8+ Kf7 49. Ra3 Rg3 50. Rd3 Ke8
51. Kd4 Rg1 52. Ra3 Rd1+ 53. Rd3 Ra1 54. Rb3 Kd7 55. Rc3 Rg1 56. Ra3 Rd1+
57. Kc4 Rc1+ 58. Kd4 Rb1 59. Ra7+ Kd8 60. Ra8+ Kd7 61. Ra7+ Ke8 62. Ra8+
Kf7 63. Ra3 Rg1 64. Rb3 Ra1 65. Rc3 Ke8 66. Rc8+ Kd7 67. Rc3 Ra2 68. Kd3
Kd8 69. Rc2 Rxc2 70. Kxc2 Kc7 71. Kb3 Kb7 72. Ka3 Ka7 73. Kb3 1/2-1/2

[Event "ch-FRA w 2015"]
[Site "Saint-Quentin FRA"]
[Date "2015.08.11"]
[Round "3"]
[White "Flear,C"]
[Black "Choisy,M"]
[Result "0-1"]
[WhiteElo "2172"]
[BlackElo "2170"]
[EventDate "2015.08.09"]

1. d4 Nf6 2. c4 g6 3. Nc3 Bg7 4. e4 d6 5. Nf3 O-O 6. h3 e5 7. d5 Na6 8. Be2
Nc5 9. Qc2 a5 10. g4 c6 11. Be3 Qe7 12. Nd2 Nfd7 13. Rg1 Rd8 14. O-O-O Na6
15. Nf3 Ndc5 16. Kb1 Bd7 17. Qd2 Be8 18. Bg5 Bf6 19. h4 Nc7 20. Bxf6 Qxf6
21. h5 b5 22. g5 Qe7 23. dxc6 Bxc6 24. Nd5 Bxd5 25. exd5 bxc4 26. Bxc4 Rdb8
27. hxg6 fxg6 28. Qe3 Rb4 29. Nxe5 Qxe5 30. Qxe5 dxe5 31. d6+ Rxc4 32. dxc7
Ne6 33. Rd5 e4 34. Re5 Nxc7 35. Rd1 Re8 36. Rxa5 Ne6 37. Rd6 Rd4 38. Rc6
Rd1+ 39. Kc2 Rf1 40. Kd2 Rxf2+ 41. Ke3 Rf3+ 42. Kxe4 Nxg5+ 43. Kd4 Re4+ 44.
Kc5 Rf5+ 45. Kb6 Rb4+ 46. Ka6 Rxa5+ 47. Kxa5 Rxb2 48. a4 Kf7 49. Rb6 Ra2
50. Kb5 h5 51. a5 Ne6 52. Rb7+ Kf6 53. a6 Rxa6 0-1

[Event "ch-FRA w 2015"]
[Site "Saint-Quentin FRA"]
[Date "2015.08.11"]
[Round "3"]
[White "Benmesbah,N"]
[Black "Soubirou,O"]
[Result "1-0"]
[WhiteElo "2200"]
[BlackElo "2092"]
[EventDate "2015.08.09"]

1. e4 e6 2. d4 d5 3. Nc3 Nf6 4. Bd3 Nc6 5. Nf3 Bb4 6. exd5 Nxd5 7. Bd2 Be7
8. O-O Bf6 9. Nxd5 Qxd5 10. c3 Bd7 11. Re1 Qh5 12. Be2 Qf5 13. a4 g5 14.
Bc1 h6 15. Bd3 Qg4 16. Re4 Qf5 17. Rf4 Qxf4 18. Bxf4 gxf4 19. Qd2 Ne7 20.
Be4 Bg7 21. Bxb7 Rb8 22. Be4 f5 23. Bd3 Bf6 24. b4 Rg8 25. Bc4 Bc6 26. Bxe6
Rg4 27. d5 Ba8 28. Re1 Kf8 29. c4 a5 30. b5 Kg7 31. h3 1-0

[Event "ch-FRA w 2015"]
[Site "Saint-Quentin FRA"]
[Date "2015.08.11"]
[Round "3"]
[White "Safranska,A"]
[Black "Aflalo,S"]
[Result "1-0"]
[WhiteElo "2153"]
[BlackElo "2117"]
[EventDate "2015.08.09"]

1. e4 c5 2. Nc3 a6 3. g3 b5 4. Bg2 Bb7 5. d3 e6 6. Nh3 b4 7. Nb1 d5 8. Nd2
Nf6 9. O-O Be7 10. Re1 Nc6 11. Nf4 Rb8 12. exd5 exd5 13. c3 O-O 14. Nf3 Bd6
15. h3 Bc7 16. Bd2 a5 17. a3 bxc3 18. bxc3 Re8 19. Qa4 Rxe1+ 20. Rxe1 Na7
21. Qc2 c4 22. Nd4 Ba6 23. dxc4 Bxc4 24. Qf5 Rb6 25. Nh5 Nxh5 26. Qxh5 g6
27. Qh6 Bd6 28. Bg5 Qd7 29. Be3 Rb8 30. Nf3 Nc6 31. Ng5 f6 32. Nf3 Bxa3 33.
Qf4 Rf8 34. Nd2 Bd3 35. Qa4 Qd6 36. c4 d4 37. Bh6 Rc8 38. Bd5+ Kh8 39. Bxc6
Bb4 40. Bb7 Rg8 41. Re8 1-0

[Event "ch-FRA w 2015"]
[Site "Saint-Quentin FRA"]
[Date "2015.08.12"]
[Round "4"]
[White "Milliet,S"]
[Black "Safranska,A"]
[Result "1-0"]
[WhiteElo "2383"]
[BlackElo "2153"]
[EventDate "2015.08.09"]

1. e4 Nf6 2. e5 Nd5 3. d4 d6 4. Nf3 Nb6 5. a4 a5 6. Nc3 g6 7. exd6 cxd6 8.
Bb5+ Bd7 9. h4 Bxb5 10. Nxb5 h6 11. Qe2 Bg7 12. Bf4 O-O 13. Qd2 h5 14. Bh6
N8d7 15. Bxg7 Kxg7 16. b3 d5 17. O-O Nf6 18. Ng5 Qd7 19. Rfe1 Nc8 20. Qf4
Ra6 21. Qe5 Rc6 22. Rac1 Kg8 23. c4 Qf5 24. Qxf5 gxf5 25. Nf3 dxc4 26. bxc4
e6 27. Ne5 Ra6 28. Nc7 Rd6 29. Nb5 Rdd8 30. c5 Kg7 31. Nc4 Ne7 32. Nxa5 Ra8
33. Nxb7 Rxa4 34. c6 Rb4 35. N7d6 Ne4 36. c7 Nxd6 37. Nxd6 Nc8 38. Nc4 Rb7
39. Ne5 Ne7 40. d5 Nc8 41. dxe6 fxe6 42. Nd7 Re8 43. Nc5 Rb6 44. Rcd1 Rc6
45. Rd8 Kf7 46. Rxe8 1-0

[Event "ch-FRA w 2015"]
[Site "Saint-Quentin FRA"]
[Date "2015.08.12"]
[Round "4"]
[White "Skripchenko,A"]
[Black "Navrotescu,A"]
[Result "1-0"]
[WhiteElo "2435"]
[BlackElo "2275"]
[EventDate "2015.08.09"]

1. e4 c5 2. Nf3 Nc6 3. Bb5 Nf6 4. Nc3 g6 5. h3 Bg7 6. e5 Ng8 7. O-O Nxe5 8.
Nxe5 Bxe5 9. Re1 Bg7 10. d4 Nf6 11. dxc5 O-O 12. Bf4 b6 13. Qf3 a6 14. Qxa8
axb5 15. Nxb5 d5 16. cxd6 e6 17. c4 Qd7 18. Qa7 Bb7 19. Qxb6 Rc8 20. Nc7
Bc6 21. Be5 Ne4 22. Bxg7 Kxg7 23. Rxe4 Bxe4 24. Qd4+ 1-0

[Event "ch-FRA w 2015"]
[Site "Saint-Quentin FRA"]
[Date "2015.08.12"]
[Round "4"]
[White "Flear,C"]
[Black "Leconte,M"]
[Result "0-1"]
[WhiteElo "2172"]
[BlackElo "2251"]
[EventDate "2015.08.09"]

1. d4 e6 2. c4 Bb4+ 3. Bd2 a5 4. Nf3 Nf6 5. Nc3 d6 6. Rc1 Nbd7 7. a3 Bxc3
8. Bxc3 Qe7 9. b4 axb4 10. axb4 e5 11. e3 O-O 12. Be2 e4 13. Nd2 d5 14. Qb3
dxc4 15. Nxc4 Nd5 16. O-O Qg5 17. Bd2 N7f6 18. f4 Qf5 19. Ne5 h5 20. b5 Be6
21. Qb2 Nxe3 22. Bxe3 Ra2 23. Qxa2 Bxa2 24. Rc5 Nd5 25. Bc1 f6 26. Bc4 Bxc4
27. Nxc4 Qd7 28. Ne3 Ne7 29. Bb2 b6 30. Rxh5 Ra8 31. Rd1 Ra2 32. Rd2 g6 33.
Rh3 Qxb5 34. Nd1 Nd5 35. Nc3 Nxc3 36. Bxc3 Rxd2 37. Bxd2 Qe2 38. Bc3 e3 39.
Rf3 Qd1+ 40. Rf1 e2 41. Re1 Qd3 42. Ba1 Qe3+ 0-1

[Event "ch-FRA w 2015"]
[Site "Saint-Quentin FRA"]
[Date "2015.08.12"]
[Round "4"]
[White "Aflalo,S"]
[Black "Benmesbah,N"]
[Result "1/2-1/2"]
[WhiteElo "2117"]
[BlackElo "2200"]
[EventDate "2015.08.09"]

1. e4 c5 2. Nf3 e6 3. d4 cxd4 4. Nxd4 Nc6 5. Nc3 Nf6 6. Ndb5 Bc5 7. Be2 O-O
8. Bg5 d6 9. a4 a6 10. Na3 Bd4 11. O-O h6 12. Bh4 g5 13. Bg3 Bxc3 14. bxc3
Nxe4 15. Qd3 d5 16. f4 Qa5 17. Be1 Qc5+ 18. Kh1 f6 19. c4 Qd4 20. cxd5 exd5
21. fxg5 hxg5 22. Rc1 Qxd3 23. cxd3 Nd6 24. Bf3 Be6 25. Rc5 Ne7 26. Bg3
Ndf5 27. Re1 Bf7 28. Bc7 Rfe8 29. Rb1 Nd4 30. Nc2 Nxc2 31. Rxc2 Nf5 32. Rc5
Ne3 33. h3 b5 34. axb5 axb5 35. Rcxb5 Ra3 36. d4 Rd3 37. Bb6 f5 38. R5b2
Nc4 39. Rb4 Nd2 40. Rg1 Kh7 41. Bd1 Bg6 42. Bc7 Rde3 43. Ba4 Rc8 44. Be5
Kh6 45. Rb6 f4 46. Bd7 Rf8 47. h4 Kh5 48. hxg5 Kxg5 49. Rc1 Be4 50. Bg7 Rf7
51. Bh6+ Kh4 52. Be6 Kg3 53. Kg1 Bxg2 54. Bxd5 Bxd5 55. Rg6+ Kf3 56. Rg2
Ke4 57. Rxd2 Rf6 58. Rh2 Rg3+ 59. Kf2 Rgg6 60. Rh5 Bc6 61. Rd1 Re6 62. Bxf4
Kxf4 63. d5 Kg4 64. dxe6 Kxh5 65. Rd6 Be8 66. Ke3 Rg1 67. Kf4 Kh6 68. Ke5
Kg7 69. Ra6 Kf8 70. Ra7 Rb1 71. Kf6 1/2-1/2

[Event "ch-FRA w 2015"]
[Site "Saint-Quentin FRA"]
[Date "2015.08.12"]
[Round "4"]
[White "Choisy,M"]
[Black "Maisuradze,N"]
[Result "0-1"]
[WhiteElo "2170"]
[BlackElo "2292"]
[EventDate "2015.08.09"]

1. e4 c6 2. d4 d5 3. e5 c5 4. dxc5 Nc6 5. Nf3 Bg4 6. Be3 e6 7. Bb5 Qa5+ 8.
Nc3 Nge7 9. h3 Bxf3 10. Qxf3 O-O-O 11. Bxc6 Nxc6 12. Bd2 Nxe5 13. Qf4 Nc4
14. b4 Qxb4 15. Rb1 Qxc5 16. Qxf7 Qc6 17. Nb5 Bc5 18. Be3 Nxe3 19. fxe3
Bxe3 20. Qxg7 Bb6 21. Rf1 a6 22. Nc3 Ba5 23. Rb3 Rhg8 24. Qd4 e5 25. Qe3 d4
0-1

[Event "ch-FRA w 2015"]
[Site "Saint-Quentin FRA"]
[Date "2015.08.12"]
[Round "4"]
[White "Soubirou,O"]
[Black "Collas,S"]
[Result "1/2-1/2"]
[WhiteElo "2092"]
[BlackElo "2325"]
[EventDate "2015.08.09"]

1. e4 c5 2. Nf3 Nc6 3. b4 cxb4 4. d4 d5 5. exd5 Qxd5 6. c4 bxc3 7. Nxc3 Qa5
8. d5 Qxc3+ 9. Bd2 Qa3 10. dxc6 bxc6 11. Qc2 Qd6 12. Bf4 Qb4+ 13. Bd2 Qd6
14. Bf4 Qb4+ 15. Bd2 Qd6 16. Bf4 1/2-1/2

[Event "ch-FRA w 2015"]
[Site "Saint-Quentin FRA"]
[Date "2015.08.13"]
[Round "5"]
[White "Collas,S"]
[Black "Aflalo,S"]
[Result "*"]
[WhiteElo "2325"]
[BlackElo "2117"]
[EventDate "2015.08.09"]

1. c4 e5 2. Nc3 Nc6 3. g3 g6 4. Bg2 Bg7 5. e4 d6 6. d3 Nge7 7. Nge2 h5 8.
h4 Nd4 9. Nxd4 exd4 10. Ne2 Nc6 11. Bg5 f6 12. Bf4 Bg4 13. f3 Be6 14. Qd2
a5 15. b3 Qd7 16. Rc1 Bf8 17. Kf2 Qg7 18. a3 Rg8 19. Qb2 *

[Event "ch-FRA w 2015"]
[Site "Saint-Quentin FRA"]
[Date "2015.08.13"]
[Round "5"]
[White "Safranska,A"]
[Black "Skripchenko,A"]
[Result "*"]
[WhiteElo "2153"]
[BlackElo "2435"]
[EventDate "2015.08.09"]

1. e4 c6 2. d4 d5 3. exd5 cxd5 4. c4 Nf6 5. Nc3 g6 6. Nf3 Bg7 7. cxd5 O-O
8. Bc4 Nbd7 9. O-O Nb6 10. Bb3 Nbxd5 11. h3 b6 12. Re1 Bb7 13. Ne5 Rc8 *

[Event "ch-FRA w 2015"]
[Site "Saint-Quentin FRA"]
[Date "2015.08.13"]
[Round "5"]
[White "Benmesbah,N"]
[Black "Milliet,S"]
[Result "*"]
[WhiteElo "2200"]
[BlackElo "2383"]
[EventDate "2015.08.09"]

1. e4 c5 2. Nf3 d6 3. Bb5+ Nd7 4. O-O a6 5. Bxd7+ Bxd7 6. d4 cxd4 7. Qxd4
Rc8 8. a4 e5 9. Qd3 Qc7 10. Nc3 h6 11. Be3 Nf6 12. Rfc1 Be7 13. a5 Be6 14.
Nd2 Qc6 *

[Event "ch-FRA w 2015"]
[Site "Saint-Quentin FRA"]
[Date "2015.08.13"]
[Round "5"]
[White "Leconte,M"]
[Black "Choisy,M"]
[Result "*"]
[WhiteElo "2251"]
[BlackElo "2170"]
[EventDate "2015.08.09"]

1. e4 c5 2. Nf3 d6 3. d4 cxd4 4. Nxd4 Nf6 5. Nc3 a6 6. Be2 e6 7. O-O Be7 8.
f4 Nc6 9. Be3 O-O 10. Qe1 Qc7 11. Qg3 Bd7 12. Kh1 Nxd4 13. Bxd4 Bc6 14.
Rae1 b5 15. a3 Qb7 16. Bd3 b4 17. Nd1 bxa3 18. bxa3 g6 19. e5 *

[Event "ch-FRA w 2015"]
[Site "Saint-Quentin FRA"]
[Date "2015.08.13"]
[Round "5"]
[White "Navrotescu,A"]
[Black "Flear,C"]
[Result "*"]
[WhiteElo "2275"]
[BlackElo "2172"]
[EventDate "2015.08.09"]

1. d4 d5 2. c4 c6 3. cxd5 cxd5 4. Bf4 Nf6 5. e3 Nc6 6. Nc3 Bf5 7. Qb3 Na5
8. Bb5+ Bd7 9. Qa4 Nc6 10. Nf3 e6 11. O-O Nh5 12. Ne5 Nxf4 13. exf4 *

[Event "ch-FRA w 2015"]
[Site "Saint-Quentin FRA"]
[Date "2015.08.13"]
[Round "5"]
[White "Maisuradze,N"]
[Black "Soubirou,O"]
[Result "*"]
[WhiteElo "2292"]
[BlackElo "2092"]
[EventDate "2015.08.09"]

1. d4 e6 2. c4 f5 3. Nc3 Nf6 4. e3 Bb4 5. Qc2 b6 6. Bd3 Bb7 7. f3 O-O 8.
Nge2 c5 9. a3 Bxc3+ 10. bxc3 Nc6 11. O-O Qe7 12. Bd2 Na5 13. e4 fxe4 14.
fxe4 e5 15. Ng3 g6 *